| 000 | 00371nam a22001457a 4500 | ||
|---|---|---|---|
| 999 |
_c260110 _d260109 |
||
| 003 | OSt | ||
| 005 | 20230607104817.0 | ||
| 008 | 230607b xxu||||| |||| 00| 0 eng d | ||
| 020 | _a9966846281 | ||
| 040 | _cN/A | ||
| 100 | _aRosebella O. Onyango | ||
| 245 |
_aTextiles: _bA Home Science Handbook. |
||
| 260 |
_aNairobi _bNairobi university Press _c1997 |
||
| 942 |
_2lcc _cBK |
||